Плевать на все с гигантской секвойи; Умер-шмумер: Роман; Повесть

Detalles Bibliográficos
Autor Principal: Вильмонт Е. Н. Екатерина Николаевна
Summary:Исключено из фонда НТБ ТПУ
Idioma:ruso
Publicado: Москва, АСТ, 2003
Series:Русский романс
Formato: MixedMaterials Libro
KOHA link:https://koha.lib.tpu.ru/cgi-bin/koha/opac-detail.pl?biblionumber=54631

MARC

LEADER 00000nam0a2200000 4500
001 54631
005 20231031050712.0
010 |a 5170174977 
010 |a 5-271-05843-3 
035 |a (RuTPU)RU\TPU\book\57285 
090 |a 54631 
100 |a 20030821d2003 m y0rusy50 ca 
101 0 |a rus 
102 |a RU 
105 |a y z 000ay 
200 1 |a Плевать на все с гигантской секвойи  |e Роман  |a Умер-шмумер  |e Повесть  |f Е. Н. Вильмонт 
210 |a Москва  |c АСТ  |c Астрель  |d 2003 
215 |a 384 с. 
225 1 |a Русский романс 
333 |a Исключено из фонда НТБ ТПУ 
700 1 |a Вильмонт  |b Е. Н.  |g Екатерина Николаевна 
801 1 |a RU  |b 63413507  |c 20030821  |g PSBO 
801 2 |a RU  |b 63413507  |c 20030903  |g PSBO 
801 2 |a RU  |b 63413507  |c 20170616  |g PSBO 
942 |c BK